000 00550nam a2200169Ia 4500
008 180921t2018 xxu||||| |||| 00| 0 sin d
041 _asin
080 _a8-31
_bදසිල්
100 _aද සිල්වා, නිහාල්
245 _aඅලිමංකඩ සිට ....
260 _bවිජිත යාපා
_aකොළඹ
_c2018
300 _aසෙ.මි.21, පි.464
700 _aඊ.එම්.ජී.එදිරිසිංහ
_eපරි.
942 _cBK
999 _c10637
_d10637
003 LK-CoDNM
040 _aLK-CoDNM
_dLK-CoDNM
_eLK-CoDNM